<?xml version="1.0" encoding="UTF-8"?>
<collection xmlns="http://www.loc.gov/MARC21/slim">
  <record>
    <leader>00000nam  2200000   4500</leader>
    <controlfield tag="001">INLIS000000000017085</controlfield>
    <controlfield tag="005">20240530024328</controlfield>
    <datafield tag="035" ind1="#" ind2="#">
      <subfield code="a">0010-0524000111</subfield>
    </datafield>
    <controlfield tag="007">ta</controlfield>
    <controlfield tag="008">240530################g##########0#ind##</controlfield>
    <datafield tag="020" ind1="#" ind2="#">
      <subfield code="a">979 416 605 7</subfield>
    </datafield>
    <datafield tag="082" ind1="#" ind2="#">
      <subfield code="a">352.000 473</subfield>
    </datafield>
    <datafield tag="084" ind1="#" ind2="#">
      <subfield code="a">352.000 473  SAR a</subfield>
    </datafield>
    <datafield tag="100" ind1=" " ind2="#">
      <subfield code="a">Sarundajang, S.H.</subfield>
    </datafield>
    <datafield tag="245" ind1="1" ind2="#">
      <subfield code="a">Arus Balik Kekuasaan Pusat ke Daerah /</subfield>
      <subfield code="c">S.H. Sarundajang</subfield>
    </datafield>
    <datafield tag="260" ind1="#" ind2="#">
      <subfield code="a">Jakarta :</subfield>
      <subfield code="b">Pustaka Sinar Harapan,</subfield>
      <subfield code="c">1999</subfield>
    </datafield>
    <datafield tag="300" ind1="#" ind2="#">
      <subfield code="a">xv, 256 halaman :</subfield>
      <subfield code="b">ilus ;</subfield>
      <subfield code="c">21 cm</subfield>
    </datafield>
    <datafield tag="650" ind1="#" ind2="4">
      <subfield code="a">Otonomi Daerah</subfield>
    </datafield>
    <datafield tag="520" ind1="#" ind2="#">
      <subfield code="a">Tuntunan global menempatkan isu demokratisasi dalam pemerintahan, menempatkan rakyat pada kedudukan yang penting dan strategis. Tugas pemerintah pada hakikatnya adalah pelayan masyarakat. Modernisasi dunia yang menglobal dan mencakup berbagai aspek kehidupan masyarakat secara universal mempunyai implikasi terhadap kompleksitas permasalahan kehidupan masyarakat, sekaligus menjadi tantangan pemerintah.&#13;
&#13;
ARUS BALIK KEKUASAAN PUSAT KE DAERAH, mengartikan desentralisasi sebagai penyerahan wewenang pemerintah oleh Pemerintah kepada Daerah Otonom dalam rangka persatuan. Skala prioritas tujuan desentralisasi membawa konsekuensi terhadap struktur dan proses pemerintahan daerah, sebaliknya persamaan pada skala prioritas tujuan desentralisasi membawa konsekuensi persamaan pada karakteristik struktur dan proses pemerintahan daerah menurut berbagai undang-undang pemerintahan.&#13;
&#13;
Sebagai pamong praja yang cukup lama berkiprah di dunia pemerintahan daerah, mempunyai dasar pengetahuan yang cukup luas, sebagai praktisi publik, penulis mampu mengulas perkembangan, kondisi dan tantangan yang dihadapi pemerintahan daerah di Indonesia.</subfield>
    </datafield>
    <datafield tag="990" ind1="#" ind2="#">
      <subfield code="a">00044145</subfield>
    </datafield>
    <datafield tag="990" ind1="#" ind2="#">
      <subfield code="a">02116858</subfield>
    </datafield>
    <datafield tag="990" ind1="#" ind2="#">
      <subfield code="a">150217528</subfield>
    </datafield>
  </record>
</collection>
